Random flags quiz 5 - Statistics

General Stats
  • This quiz has been taken 13 times
  • The average score is 15 of 16
Answer Stats
Picture Answer % Correct
Bosnia and Herzegovina
100%
Croatia
100%
Ghana
100%
Honduras
100%
Iraq
100%
Italy
100%
The Philippines
100%
Afghanistan
92%
Azerbaijan
92%
Belarus
92%
Estonia
92%
Indonesia
92%
Solomon Islands
92%
Thailand
92%
Vietnam
92%
Grenada
83%
No matching quizzes found
Score Distribution
Percent of People with Each Score
Percentile by Number Answered
Your Score History
You have not taken this quiz